BIBLIOTECA

SENCICO

Ensayos cuasi-estáticos de modelos de viviendas de adobe de dos pisos sobre plataforma rebatible (Registro nro. 1940)

Detalles MARC
000 -LEADER
fixed length control field 00813nam a2200205Ia 4500
005 - DATE AND TIME OF LATEST TRANSACTION
control field 20251020182527.0
008 - FIXED-LENGTH DATA ELEMENTS--GENERAL INFORMATION
fixed length control field 200515s9999 xx 000 0 und d
082 ## - DEWEY DECIMAL CLASSIFICATION NUMBER
Classification number 693.3(075.8)/S72
100 ## - MAIN ENTRY--PERSONAL NAME
Personal name SOVERO M., Guillermo QUISPE F., Edmundo
245 #0 - TITLE STATEMENT
Title Ensayos cuasi-estáticos de modelos de viviendas de adobe de dos pisos sobre plataforma rebatible
260 ## - PUBLICATION, DISTRIBUTION, ETC.
Place of publication, distribution, etc. Cusco
260 ## - PUBLICATION, DISTRIBUTION, ETC.
Date of publication, distribution, etc. 1992
500 ## - GENERAL NOTE
General note 1 ejemplar
520 ## - SUMMARY, ETC.
Summary, etc. Informe final de los ensayos cuasi-estáticos de seis modelos de viviendas de adobe de dos pisos, construidos a escala reducida 1/2, sobre una plataforma rebatible de concreto armado. Se describe el diseño y construcción de los modelos así como el comporta
650 ## - SUBJECT ADDED ENTRY--TOPICAL TERM
Topical term or geographic name entry element ADOBE
650 ## - SUBJECT ADDED ENTRY--TOPICAL TERM
Topical term or geographic name entry element CONSTRUCCIONES EN TIERRA
650 ## - SUBJECT ADDED ENTRY--TOPICAL TERM
Topical term or geographic name entry element LIB
650 ## - SUBJECT ADDED ENTRY--TOPICAL TERM
Topical term or geographic name entry element VIVIENDAS
942 ## - ADDED ENTRY ELEMENTS (KOHA)
Koha item type Libros
Existencias
Fecha de la última vez que lo usaron Pago total Signatura topográfica completa Código de barras Precio efectivo desde Tipo de documento Estado perdido Estado dañado No es para préstamo Retirado Ubicación permanente Ubicación actual Fecha de adquisición
15/05/2020   693.3(075.8)/S72 Bib-Lima15051940 15/05/2020 Libros         Biblioteca Central Lima Biblioteca Central Lima 15/05/2020